• 首页
  • 本馆介绍
  • 公告通知
  • 最新文献
  • 馆藏检索
  • 电子资源
  • 读者导购
  • 参考咨询
  • 我的图书馆
  • 登录
  • 详细信息显示
  • 放入我的书架
  • 预约/预借图书
  • 作者相关作品
  • 分类相关作品
  • 丛书相关作品
  • 出版社相关作品

书目信息

  • 表格格式
  • 工作单格式
  • 卡片格式
题名:
流溪河水系底栖动物群落多样性与生态监测
    
 
作者: 官昭瑛 , 林秋奇 , 陈刚 主编
分册:  
出版信息: 广州   广东科技出版社  2021.1
页数: 138页
开本: 26cm
丛书名:
单 册:
中图分类: Q958.884.2 , X832
科图分类:
主题词: 河流--底栖动物--动物群落--生物多样性--中国 , 河流--水质监测--中国
电子资源:
ISBN: 978-7-5359-7503-4
000 01241nam0 2200277 45
001 012001001915
005 20140912161411.0
010    @a978-7-5359-7503-4@dCNY48.00
100    @a20210415d2021 em y0chiy50 ea
101 0  @achi
102    @aCN@b440000
105    @aab z 000yy
106    @ar
200 1  @a流溪河水系底栖动物群落多样性与生态监测@Aliu xi he shui xi de xi dong wu qun luo duo yang xing yu sheng tai jian ce@b专著@f官昭瑛,林秋奇,陈刚主编
210    @a广州@c广东科技出版社@d2021.1
215    @a138页@c图,地图,照片@d26cm
330    @a本书介绍了河流生态系统的概念与功能、华南地区河流常见底栖动物及其功能类群、河流底栖动物的监测与调查方法、河流生态健康状况的指示物种以及常用的河流生态评价方法,同时详细介绍了流溪河常见底栖动物类群与空间分布,探讨了流溪河水系生境特征与季节变化,并提出了流溪河底栖动物多样性与评估方法,就流溪河主要生态问题,提出了河流综台治理的原则及生态修复方法。
606 0  @a河流@x底栖动物@x动物群落@x生物多样性@y中国
606 0  @a河流@x水质监测@y中国
690    @aQ958.884.2@v5
690    @aX832@v5
701  0 @a官昭瑛@Aguan zhao ying@4主编
701  0 @a林秋奇@Alin qiu qi@4主编
701  0 @a陈刚@Achen gang@4主编
801  0 @aCN@bBJSDL@c20211011
905    @b1337711-4@dQ958.884.2@e339@f4
    
    流溪河水系底栖动物群落多样性与生态监测/官昭瑛,林秋奇,陈刚主编.-广州:广东科技出版社,2021.1
    138页:图,地图,照片;26cm
    
    
    ISBN 978-7-5359-7503-4:CNY48.00
    本书介绍了河流生态系统的概念与功能、华南地区河流常见底栖动物及其功能类群、河流底栖动物的监测与调查方法、河流生态健康状况的指示物种以及常用的河流生态评价方法,同时详细介绍了流溪河常见底栖动物类群与空间分布,探讨了流溪河水系生境特征与季节变化,并提出了流溪河底栖动物多样性与评估方法,就流溪河主要生态问题,提出了河流综台治理的原则及生态修复方法。
●
相关链接 在E读中查询图书 在五车中查询图书 在当当中查询图书 在豆瓣中查询图书


正题名:流溪河水系底栖动物群落多样性与生态监测     索取号:Q958.884.2/339         预约/预借

序号 登录号 条形码 馆藏地/架位号 状态 备注
1 1337711   213377111   第二样本阅览室/ [索取号:Q958.884.2/339] 在馆    
2 1337712   213377120   第三借阅区/ [索取号:Q958.884.2/339] 在馆    
3 1337713   213377139   第三借阅区/ [索取号:Q958.884.2/339] 在馆    
4 1337714   213377148   第三借阅区/ [索取号:Q958.884.2/339] 在馆    
唐山师范学院图书馆 欢迎您!
大连网信软件有限公司© 版权所有